Principaux pays exportateurs d'armes - Statistiques

Statistiques générales
  • Ce quiz a été pris 22 fois
  • Le résultat moyen est 13 sur 15
Statistiques - réponses
% Pays % Correct
42% États-Unis
100%
9.8% France
95%
5.6% Chine
91%
2.3% Espagne
91%
3.4% Royaume-Uni
91%
6.8% Russie
91%
5.7% Allemagne
86%
5.1% Italie
82%
1.0% Pologne
82%
1.8% Turquie
82%
4.4% Israël
77%
0.9% Suède
77%
1.0% Norvège
73%
1.2% Pays-Bas
73%
3.0% Corée du Sud
68%
Aucun quiz correspondant
Distribution des résultats
% des personnes avec chaque résultat
Percentile par nombre de réponses
Votre historique - résultats
Vous n’avez pas pris ce quiz